| 000 | 00453nam a2200169Ia 4500 | ||
|---|---|---|---|
| 008 | 230917s9999||||xx |||||||||||||| ||und|| | ||
| 020 | _cRS 900.00 | ||
| 040 |
_e5010259 _aMAIN |
||
| 041 | _aEnglish | ||
| 082 | _a070.1 D262N | ||
| 100 | _aDatta, K B | ||
| 245 | 0 | _aNew insights in mass media | |
| 260 |
_aNew Delhi _bAkansha Publishing House _c2010 |
||
| 300 | _aix, 275 p. | ||
| 500 | _a3975 08/01/2020 RK20/3172 25/01/2020 Main Budget | ||
| 942 | _cBK | ||
| 999 |
_c1424 _d1424 |
||